000 00691nam a2200193Ia 4500
008 151121s9999||||xx |||||||||||||| ||und||
082 _a920/देशपां
082 _bHNW-117804
100 _aदेशपांडे कृ पं
245 _aजननायक - नरेंद्र मोदी
260 _b"अमोल प्रकाशन, पुणे।"
260 _c2014
300 _a192
600 _aदेशपांडे कृ पं
630 _aजननायक - नरेंद्र मोदी
700 _aदेशपांडे कृ पं
730 _aजननायक - नरेंद्र मोदी
942 _cBOOK
999 _c1265378
_d1265375